| 000 | 00989cam a2200145 4500500 | ||
|---|---|---|---|
| 005 | 20260405085558.0 | ||
| 041 | _afre | ||
| 042 | _adc | ||
| 100 | 1 | 0 |
_aBornand, Sandra _eauthor |
| 700 | 1 | 0 |
_aLeguy, Cécile _eauthor |
| 245 | 0 | 0 | _aAnthropologie des pratiques langagières |
| 260 |
_bArmand Colin,
_c2013. |
||
| 520 | _aUne synthèse inédite des courants scientifiques qui se sont développés de part et d’autre de l’Atlantique et se sont affirmés, sous le nom d’ethnolinguistique en France et d’anthropologie linguistique aux USA. L'ouvrage examine les questionnements autour de pratiques langagières à partir des travaux d’auteurs majeurs pour leur discipline. Il traite aussi des questions relatives aux enjeux de pouvoir et de domination, mais aussi des stratégies de parole ou de discours relevant de l’implicite, du non-dit. | ||
| 856 | 4 | 1 | _uhttps://shs.cairn.info/anthropologie-des-pratiques-langagieres--9782200287788?lang=fr&redirect-ssocas=7080 |
| 999 |
_c2198690 _d2198690 |
||